[Event "77. Alemania ch 2006"]
[Site "Osterburg GER"]
[Date "2006.02.03"]
[Round "1.1"]
[White "Muranyi, Karl-Jasmin"]
[Black "Gustafsson, Jan"]
[Result "0-1"]
[WhiteElo "2359"]
[BlackElo "2614"]
[PlyCount "82"]
[EventDate "2006.02.04"]
[EventType "swiss"]
[EventRounds "9"]
[EventCountry "GER"]
[Source "lmi"]
[SourceDate "2006.02.11"]

1. d4 Nf6 2. c3 g6 3. Bf4 Bg7 4. h3 O-O 5. Nf3 d6 6. e3 c5 7. Nbd2 b6 8. Be2
Bb7 9. O-O Nbd7 10. Bh2 a6 11. Ne1 Ra7 12. Bf3 Qa8 13. Rc1 Rc8 14. Nd3 Ne4 15.
Nxe4 Bxe4 16. Bxe4 Qxe4 17. Qd2 Rac7 18. a3 Qb7 19. f3 b5 20. Bg3 a5 21. Qe2
Qd5 22. e4 Qb3 23. d5 c4 24. Nf4 b4 25. axb4 axb4 26. Qc2 bxc3 27. bxc3 Nc5 28.
Ne2 Nd3 29. Qxb3 cxb3 30. Rb1 Rb7 31. Rfd1 Nc5 32. Be1 Na4 33. Rd3 b2 34. Kf2
Rb3 35. Ke3 Nb6 36. Nd4 Nc4+ 37. Ke2 Na3 38. Nxb3 Nxb1 39. Rd1 Na3 40. Nd2 Bxc3
41. Nb1 Nxb1 0-1

[Event "77. Alemania ch 2006"]
[Site "Osterburg GER"]
[Date "2006.02.03"]
[Round "1.3"]
[White "Schunk, Eduard"]
[Black "Graf, Alexander"]
[Result "0-1"]
[WhiteElo "2349"]
[BlackElo "2604"]
[PlyCount "79"]
[EventDate "2006.02.04"]
[EventType "swiss"]
[EventRounds "9"]
[EventCountry "GER"]
[Source "lmi"]
[SourceDate "2006.02.11"]

1. e4 c5 2. Nf3 e6 3. d3 d5 4. Qe2 Nf6 5. g3 Nc6 6. Bg2 Be7 7. O-O O-O 8. e5
Ne8 9. c4 Nc7 10. Nc3 Rb8 11. h4 b5 12. b3 bxc4 13. dxc4 Nd4 14. Nxd4 cxd4 15.
Nb5 Nxb5 16. cxb5 Bd7 17. a4 a6 18. Qg4 f6 19. exf6 Bxf6 20. Ba3 Rf7 21. bxa6
Qb6 22. a5 Qxa6 23. Bc5 d3 24. Ra3 Bb2 25. Ra2 Bc3 26. b4 e5 27. Qh5 Qc4 28.
Ra3 Bb2 29. Raa1 d2 30. Rab1 Bc1 31. a6 Bf5 32. a7 Ra8 33. Ra1 h6 34. Qd1 Bd3
35. Rxc1 dxc1=Q 36. Qxc1 Bxf1 37. Qxf1 Qa2 38. Qb5 Kh7 39. Qc6 Raxa7 40. Bxa7
0-1

[Event "77. Alemania ch 2006"]
[Site "Osterburg GER"]
[Date "2006.02.03"]
[Round "1.4"]
[White "Khenkin, Igor"]
[Black "Kaeser, Udo"]
[Result "1-0"]
[WhiteElo "2595"]
[BlackElo "2343"]
[PlyCount "109"]
[EventDate "2006.02.04"]
[EventType "swiss"]
[EventRounds "9"]
[EventCountry "GER"]
[Source "lmi"]
[SourceDate "2006.02.11"]

1. d4 d5 2. c4 e6 3. Nf3 c6 4. Qc2 Nf6 5. e3 Nbd7 6. Nc3 Be7 7. b3 a6 8. Bd3 b5
9. O-O Bb7 10. c5 e5 11. dxe5 Ng4 12. Nxd5 Bxc5 13. Bf5 Ngxe5 14. Nxe5 Nxe5 15.
Qxc5 Qxd5 16. Qxd5 cxd5 17. Bb2 f6 18. Rac1 Nc6 19. Rfd1 Rd8 20. Be6 Rd6 21.
Bxd5 Kd7 22. Ba3 b4 23. Bxc6+ Bxc6 24. Rxd6+ Kxd6 25. Bxb4+ Kd7 26. Rd1+ Kc8
27. f3 Rd8 28. Rc1 Kb7 29. e4 g6 30. Kf2 f5 31. exf5 gxf5 32. Rc5 Bd5 33. Ba5
Rd7 34. Ke3 Be6 35. Kf4 Rg7 36. g3 Bc8 37. h4 Re7 38. h5 Rg7 39. Bc3 Rc7 40.
Bd4 Rxc5 41. Bxc5 Kc6 42. Be3 Kd5 43. Kg5 Bd7 44. Bc1 Ke6 45. Kh6 Be8 46. Bd2
Ke5 47. g4 fxg4 48. fxg4 Bd7 49. Kxh7 Bxg4 50. Kg6 Bf5+ 51. Kg7 Kd4 52. a4 Kd3
53. Be1 Kc2 54. b4 Kd3 55. b5 1-0

[Event "77. Alemania ch 2006"]
[Site "Osterburg GER"]
[Date "2006.02.03"]
[Round "1.5"]
[White "Schoene, Ralf"]
[Black "Luther, Thomas"]
[Result "0-1"]
[WhiteElo "2339"]
[BlackElo "2569"]
[PlyCount "134"]
[EventDate "2006.02.04"]
[EventType "swiss"]
[EventRounds "9"]
[EventCountry "GER"]
[Source "lmi"]
[SourceDate "2006.02.11"]

1. d4 Nf6 2. c4 e6 3. Nf3 d5 4. Nc3 Bb4 5. Qa4+ Nc6 6. Ne5 Bd7 7. Nxd7 Nxd7 8.
e3 Nb6 9. Qb3 dxc4 10. Bxc4 Nxc4 11. Qxc4 Qd5 12. Qxd5 Bxc3+ 13. bxc3 exd5 14.
Ke2 Na5 15. Kd3 f5 16. f3 O-O-O 17. Bd2 Rde8 18. Be1 Nc4 19. Bf2 Re6 20. Rhe1
Rhe8 21. Rab1 a6 22. Re2 b5 23. Rbe1 Kb7 24. Rg1 g6 25. Rge1 a5 26. Bg3 g5 27.
h4 h6 28. Bf2 g4 29. Bg3 h5 30. Bf4 c6 31. Bg5 gxf3 32. gxf3 c5 33. Bf4 cxd4
34. cxd4 Rc8 35. Rg1 Rec6 36. Rg5 Nb6 37. Rxf5 Rc3+ 38. Kd2 Rc2+ 39. Kd1 Rxe2
40. Kxe2 Rc2+ 41. Kd1 Rxa2 42. Rf7+ Ka6 43. Rf6 Ra1+ 44. Kc2 Ra4 45. Bd6 Rc4+
46. Kd3 Rc6 47. e4 dxe4+ 48. fxe4 b4 49. d5 Rc3+ 50. Kd4 Kb5 51. Rf7 a4 52. e5
a3 53. e6 a2 54. Rf1 Rc4+ 55. Ke5 Rc2 56. Kd4 Rd2+ 57. Ke4 Nxd5 58. Be5 Ne7 59.
Ke3 Rd5 60. Bb2 Rd6 61. Rg1 Rxe6+ 62. Kd3 Ka4 63. Ba1 Kb3 64. Kd2 Nd5 65. Rg5
Nc3 66. Rxh5 Rd6+ 67. Ke3 Rd1 0-1

[Event "77. Alemania ch 2006"]
[Site "Osterburg GER"]
[Date "2006.02.03"]
[Round "1.6"]
[White "Prusikin, Michael"]
[Black "Heinig, Wolfram"]
[Result "1/2-1/2"]
[WhiteElo "2563"]
[BlackElo "2338"]
[PlyCount "43"]
[EventDate "2006.02.04"]
[EventType "swiss"]
[EventRounds "9"]
[EventCountry "GER"]
[Source "lmi"]
[SourceDate "2006.02.11"]

1. d4 Nf6 2. c4 g6 3. Nc3 Bg7 4. e4 d6 5. h3 O-O 6. Bg5 c5 7. d5 a6 8. a4 Qa5
9. Bd2 e6 10. Bd3 exd5 11. exd5 Re8+ 12. Nge2 Qd8 13. O-O b6 14. Ng3 Ra7 15.
Bf4 Rae7 16. Qc2 Rf8 17. Nge4 Ne8 18. Rae1 h6 19. Qc1 f5 20. Ng3 g5 21. Bd2 f4
22. Rxe7 1/2-1/2

[Event "77. Alemania ch 2006"]
[Site "Osterburg GER"]
[Date "2006.02.03"]
[Round "1.8"]
[White "Baramidze, David"]
[Black "Brener, Ilja"]
[Result "1-0"]
[WhiteElo "2554"]
[BlackElo "2323"]
[PlyCount "95"]
[EventDate "2006.02.04"]
[EventType "swiss"]
[EventRounds "9"]
[EventCountry "GER"]
[Source "lmi"]
[SourceDate "2006.02.11"]

1. e4 c5 2. Nf3 Nc6 3. d4 cxd4 4. Nxd4 Nf6 5. Nc3 e5 6. Ndb5 d6 7. Bg5 a6 8.
Na3 b5 9. Nd5 Be7 10. Bxf6 Bxf6 11. c3 Bg5 12. Nc2 Ne7 13. Ncb4 O-O 14. a4 bxa4
15. Qxa4 Nxd5 16. Nxd5 Bd7 17. Qd1 a5 18. Be2 a4 19. O-O Rb8 20. Nb4 Qb6 21.
Bd3 Ra8 22. Bc2 Bb5 23. Re1 a3 24. Rxa3 Rxa3 25. bxa3 Bh4 26. g3 Bd8 27. Qd5
Ba6 28. Rd1 Bc7 29. Nxa6 Qxa6 30. a4 g6 31. Kg2 Kg7 32. Rb1 Qa5 33. Qc4 Bb6 34.
Rb5 Qa7 35. Qd5 Bxf2 36. Qxd6 Be1 37. Qxe5+ Kg8 38. Qd4 Qc7 39. Rc5 Qb6 40. Kf1
Qb2 41. Qd3 Qa1 42. Bd1 Qa2 43. Kxe1 Qxh2 44. Rd5 Qg1+ 45. Kd2 Qg2+ 46. Be2 Kg7
47. Qd4+ f6 48. Rd7+ 1-0

[Event "77. Alemania ch 2006"]
[Site "Osterburg GER"]
[Date "2006.02.03"]
[Round "1.11"]
[White "Hoepfl, Thomas"]
[Black "Meister, Jakov"]
[Result "0-1"]
[WhiteElo "2313"]
[BlackElo "2493"]
[PlyCount "50"]
[EventDate "2006.02.04"]
[EventType "swiss"]
[EventRounds "9"]
[EventCountry "GER"]
[Source "lmi"]
[SourceDate "2006.02.11"]

1. e4 c5 2. Nf3 d6 3. d4 cxd4 4. Nxd4 Nf6 5. Nc3 g6 6. g3 Nc6 7. Nde2 Bd7 8.
Bg2 Qc8 9. h3 Bg7 10. Nf4 O-O 11. Ncd5 Nxd5 12. exd5 Ne5 13. a4 Qc4 14. Qe2
Rfc8 15. c3 Bxa4 16. Qxc4 Rxc4 17. Be3 Be8 18. Rxa7 Rxa7 19. Bxa7 Ra4 20. Bd4
Ra1+ 21. Kd2 Nc4+ 22. Kc2 Ba4+ 23. Kd3 Nxb2+ 24. Ke3 Nd1+ 25. Kd3 Ra2 0-1

[Event "77. Alemania ch 2006"]
[Site "Osterburg GER"]
[Date "2006.02.03"]
[Round "1.12"]
[White "Tischbierek, Raj"]
[Black "Rother, Christoph"]
[Result "1-0"]
[WhiteElo "2466"]
[BlackElo "2293"]
[PlyCount "65"]
[EventDate "2006.02.04"]
[EventType "swiss"]
[EventRounds "9"]
[EventCountry "GER"]
[Source "lmi"]
[SourceDate "2006.02.11"]

1. g3 g6 2. d4 Bg7 3. Bg2 Nf6 4. e4 d6 5. Ne2 O-O 6. h3 e5 7. Nbc3 Nbd7 8. O-O
exd4 9. Nxd4 Re8 10. Re1 a5 11. Ndb5 Rf8 12. Bf4 Ne8 13. Qd2 Ne5 14. b3 Bd7 15.
a4 c6 16. Nxd6 Nxd6 17. Qxd6 Nf3+ 18. Bxf3 Bxc3 19. Be5 Bxe1 20. Rxe1 Be6 21.
Qc5 f6 22. Bc3 Rf7 23. g4 Qc7 24. Qe3 Re8 25. Bg2 b6 26. f4 c5 27. Bb2 Rff8 28.
g5 Bd5 29. gxf6 Qb7 30. f7+ Kxf7 31. Qc3 Bc6 32. Qf6+ Kg8 33. Qh8+ 1-0

[Event "77. Alemania ch 2006"]
[Site "Osterburg GER"]
[Date "2006.02.03"]
[Round "1.13"]
[White "Reipsch, Jens"]
[Black "Kunin, Vitaly"]
[Result "1/2-1/2"]
[WhiteElo "2293"]
[BlackElo "2462"]
[PlyCount "85"]
[EventDate "2006.02.04"]
[EventType "swiss"]
[EventRounds "9"]
[EventCountry "GER"]
[Source "lmi"]
[SourceDate "2006.02.11"]

1. e4 c5 2. Nf3 d6 3. d4 cxd4 4. Nxd4 Nf6 5. Nc3 a6 6. Be2 g6 7. Bg5 Bg7 8. Qd2
Nc6 9. O-O-O Nxe4 10. Nxe4 Nxd4 11. Nf6+ Bxf6 12. Bxf6 Nxe2+ 13. Qxe2 Rg8 14.
g4 Be6 15. f4 Qd7 16. Rhe1 Qa4 17. Rd4 Qxa2 18. Qe4 exf6 19. Ra4 f5 20. Qd4
Qxa4 21. Qxa4+ Ke7 22. g5 Rac8 23. Qd4 Kd7 24. Qb6 Rc7 25. Rd1 d5 26. Rd4 Kc8
27. Qa7 Rd8 28. Rb4 Re8 29. h4 Rd8 30. Rb6 d4 31. Rb4 Bd5 32. Rxd4 Rd6 33. Qa8+
Kd7 34. Qf8 Rc8 35. Qg7 Be6 36. Rxd6+ Kxd6 37. Qxh7 Bb3 38. c3 Rd8 39. Kd2 Kc6+
40. Ke3 Re8+ 41. Kd3 Rd8+ 42. Ke3 Re8+ 43. Kd3 1/2-1/2

[Event "77. Alemania ch 2006"]
[Site "Osterburg GER"]
[Date "2006.02.03"]
[Round "1.15"]
[White "Knuth, Hannes"]
[Black "Heinemann, Thies"]
[Result "1/2-1/2"]
[WhiteElo "2283"]
[BlackElo "2443"]
[PlyCount "99"]
[EventDate "2006.02.04"]
[EventType "swiss"]
[EventRounds "9"]
[EventCountry "GER"]
[Source "lmi"]
[SourceDate "2006.02.11"]

1. d4 Nf6 2. c4 c5 3. d5 b5 4. cxb5 a6 5. e3 axb5 6. Bxb5 Qa5+ 7. Nc3 Bb7 8.
Bd2 Qb6 9. Qb3 e6 10. Bc4 Qxb3 11. Bxb3 exd5 12. Nf3 Na6 13. O-O Be7 14. Rfd1
O-O 15. Be1 Nc7 16. Rac1 Bc6 17. Ne5 Rfb8 18. e4 d4 19. Nxc6 dxc6 20. Na4 Nd7
21. f4 Rb7 22. Rc4 Nb5 23. Rdc1 g6 24. e5 Nc7 25. Bd2 Nd5 26. Kf2 Rb5 27. R4c2
d3 28. Rc4 N5b6 29. Nxb6 Nxb6 30. Ke3 Nxc4+ 31. Rxc4 Rd8 32. Ra4 Kf8 33. Bc3
Rb7 34. Kd2 Rbb8 35. Ra6 c4 36. Bxc4 Bb4 37. Bxb4+ Rxb4 38. b3 Rd4 39. g3 Rdxc4
40. bxc4 Rxc4 41. Kxd3 Rc1 42. Ra7 h5 43. a4 Rh1 44. a5 Rxh2 45. a6 Ra2 46. e6
fxe6 47. Kd4 Ra5 48. Kc4 c5 49. Kb3 Kg8 50. Kc4 1/2-1/2

[Event "77. Alemania ch 2006"]
[Site "Osterburg GER"]
[Date "2006.02.03"]
[Round "1.17"]
[White "Holzschuh, Stephan"]
[Black "Meier, Georg"]
[Result "1/2-1/2"]
[WhiteElo "2257"]
[BlackElo "2424"]
[PlyCount "142"]
[EventDate "2006.02.04"]
[EventType "swiss"]
[EventRounds "9"]
[EventCountry "GER"]
[Source "lmi"]
[SourceDate "2006.02.11"]

1. e4 e6 2. d4 d5 3. Nc3 dxe4 4. Nxe4 Nd7 5. Nf3 Ngf6 6. Nxf6+ Nxf6 7. c3 c5 8.
Ne5 a6 9. Bg5 Qc7 10. Be2 cxd4 11. cxd4 Bb4+ 12. Kf1 O-O 13. Rc1 Qa5 14. h4 Be7
15. Rh3 Qd8 16. Bd3 Bd7 17. Kg1 Bb5 18. Bb1 Nd7 19. Qc2 g6 20. Bh6 Rc8 21. Rc3
Rxc3 22. Qxc3 Re8 23. Be4 Nxe5 24. dxe5 Bxh4 25. g3 Bg5 26. Bxg5 Qxg5 27. Bxb7
Rd8 28. Bg2 h5 29. b3 Kg7 30. a4 Be2 31. Re1 Rd3 32. Qc2 Rd2 33. Qc1 Qh6 34.
Bf1 Bxf1 35. Kxf1 Rd3 36. Qxh6+ Kxh6 37. Re3 Rd4 38. Ke2 g5 39. f3 Rb4 40. Rc3
Kg6 41. Rc6 a5 42. Rc5 Rxb3 43. Rxa5 g4 44. fxg4 hxg4 45. Kf2 Kf5 46. Rc5 Rb2+
47. Kf1 Ke4 48. Rc4+ Kf3 49. Rc3+ Ke4 50. Rc4+ Kxe5 51. Rxg4 f5 52. Rf4 Kf6 53.
Rf2 Rb1+ 54. Kg2 Ra1 55. g4 Rxa4 56. gxf5 exf5 57. Rb2 Kg5 58. Rc2 Kg4 59. Rb2
f4 60. Rc2 Ra3 61. Rb2 Rg3+ 62. Kh2 Rh3+ 63. Kg1 Rg3+ 64. Kh2 Kh4 65. Rb4 Rg4
66. Rb3 Rg8 67. Ra3 Kg4 68. Kg2 Rh8 69. Rb3 f3+ 70. Rxf3 Rh2+ 71. Kxh2 Kxf3
1/2-1/2

[Event "77. Alemania ch 2006"]
[Site "Osterburg GER"]
[Date "2006.02.03"]
[Round "1.18"]
[White "Bastian, Herbert"]
[Black "Koepke, Christian"]
[Result "1/2-1/2"]
[WhiteElo "2413"]
[BlackElo "2274"]
[PlyCount "112"]
[EventDate "2006.02.04"]
[EventType "swiss"]
[EventRounds "9"]
[EventCountry "GER"]
[Source "lmi"]
[SourceDate "2006.02.11"]

1. e4 c5 2. Nc3 Nc6 3. g3 g6 4. Bg2 Bg7 5. d3 d6 6. Be3 e5 7. Qd2 Nge7 8. Bh6
O-O 9. Nge2 Bxh6 10. Qxh6 Nd4 11. Nxd4 cxd4 12. Ne2 Be6 13. Qd2 Qb6 14. O-O
Rac8 15. c4 dxc3 16. bxc3 d5 17. Rab1 Qc7 18. f4 dxe4 19. Bxe4 b6 20. fxe5 Qxe5
21. Nd4 Qc5 22. Qe3 Bd5 23. Rb5 Qd6 24. Bxd5 Nxd5 25. Qg5 Nxc3 26. Nf5 f6 27.
Qg4 Qc7 28. Rb4 Qc5+ 29. Kg2 Kh8 30. Nh4 Qd5+ 31. Kh3 Qf7 32. a3 Nd5 33. Re4 f5
34. Qe2 Qd7 35. Rd4 Qf7 36. Qe5+ Nf6 37. Rd6 Rce8 38. Qd4 Re6 39. Rc1 Qe7 40.
Rcc6 Rxd6 41. Rxd6 Qe2 42. Qf4 Kg7 43. Rc6 Qxd3 44. Nf3 Qd5 45. Nd4 Re8 46.
Rc7+ Nd7 47. Qd2 Kg8 48. Qc3 Re4 49. Nf3 Re8 50. Rxa7 h6 51. Nd4 g5 52. Qc6
Qxd4 53. Qg6+ Kf8 54. Qxh6+ Qg7 55. Qxg7+ Kxg7 56. Rxd7+ Kf6 1/2-1/2

[Event "77. Alemania ch 2006"]
[Site "Osterburg GER"]
[Date "2006.02.03"]
[Round "1.20"]
[White "Espig, Lutz"]
[Black "Schuster, Martin"]
[Result "1/2-1/2"]
[WhiteElo "2402"]
[BlackElo "2222"]
[PlyCount "125"]
[EventDate "2006.02.04"]
[EventType "swiss"]
[EventRounds "9"]
[EventCountry "GER"]
[Source "lmi"]
[SourceDate "2006.02.11"]

1. Nf3 Nf6 2. c4 e6 3. g3 d5 4. b3 Be7 5. Bb2 O-O 6. Bg2 b6 7. O-O Bb7 8. cxd5
exd5 9. d4 Nbd7 10. Nc3 Re8 11. Ne5 a6 12. Rc1 Bd6 13. Nc4 Bb4 14. Ne3 c6 15.
Rc2 Bxc3 16. Bxc3 Ne4 17. Bb2 Qe7 18. Qc1 Qe6 19. Nd1 Ndf6 20. f3 Nd6 21. Nf2
Qe3 22. Qxe3 Rxe3 23. Nd3 Ree8 24. Ne5 Nb5 25. Kf2 Na7 26. Rfc1 Rad8 27. g4 Nd7
28. Nxd7 Rxd7 29. Re1 Nb5 30. a4 Nc7 31. e3 a5 32. Bf1 Ne6 33. Ba3 h6 34. Rb1
Ra8 35. Bd3 Rdd8 36. h4 Rdc8 37. Rbc1 Rc7 38. h5 Rcc8 39. Bf5 Rab8 40. Bd6 Ra8
41. Rb1 b5 42. b4 axb4 43. axb5 cxb5 44. Rcb2 Bc6 45. Bxb4 Ra7 46. Bd3 Rca8 47.
Ke2 Ra2 48. Kd2 Nf8 49. Bxf8 Kxf8 50. Rxa2 Rxa2+ 51. Kc3 Rf2 52. f4 Rf3 53. Kd2
Rf2+ 54. Ke1 Rg2 55. Bxb5 Rg1+ 56. Bf1 Rxg4 57. Kf2 Rh4 58. Rb6 Bd7 59. Be2
Rh2+ 60. Ke1 Rh1+ 61. Kf2 Rh2+ 62. Kf1 Bh3+ 63. Ke1 1/2-1/2

[Event "77. Alemania ch 2006"]
[Site "Osterburg GER"]
[Date "2006.02.03"]
[Round "1.21"]
[White "Schuetze, Norman"]
[Black "Degtiarev, Jewgeni"]
[Result "1/2-1/2"]
[WhiteElo "2161"]
[BlackElo "2388"]
[PlyCount "42"]
[EventDate "2006.02.04"]
[EventType "swiss"]
[EventRounds "9"]
[EventCountry "GER"]
[Source "lmi"]
[SourceDate "2006.02.11"]

1. e4 c5 2. Nf3 d6 3. d4 cxd4 4. Nxd4 Nf6 5. Nc3 Nc6 6. Bg5 e6 7. Qd2 a6 8. f3
Bd7 9. O-O-O Rc8 10. g4 Ne5 11. Be3 h6 12. h4 b5 13. Rg1 b4 14. Nb1 d5 15. g5
Nxf3 16. Nxf3 Nxe4 17. Qe1 Qa5 18. gxh6 g6 19. Ng5 Qxa2 20. Nxe4 dxe4 21. Rg2
Qa4 1/2-1/2

[Event "77. Alemania ch 2006"]
[Site "Osterburg GER"]
[Date "2006.02.03"]
[Round "1.23"]
[White "Rathje, Christian"]
[Black "Michalczak, Thomas"]
[Result "0-1"]
[WhiteElo "2130"]
[BlackElo "2361"]
[PlyCount "76"]
[EventDate "2006.02.04"]
[EventType "swiss"]
[EventRounds "9"]
[EventCountry "GER"]
[Source "lmi"]
[SourceDate "2006.02.11"]

1. e4 e5 2. Nf3 Nc6 3. Bb5 a6 4. Ba4 Nf6 5. d3 d6 6. c3 g6 7. O-O Bg7 8. Nbd2
O-O 9. Re1 Nd7 10. Nf1 Nc5 11. Bc2 f5 12. exf5 Bxf5 13. d4 Bxc2 14. Qxc2 exd4
15. cxd4 Rxf3 16. dxc5 Nd4 17. Qd1 Rf7 18. cxd6 Qxd6 19. Ng3 Raf8 20. Be3 c5
21. Rc1 Qd5 22. b3 b5 23. Qg4 Re8 24. h4 Rfe7 25. h5 Re6 26. Red1 gxh5 27. Nxh5
Rg6 28. Qh3 Be5 29. Kh1 Rf8 30. Ng3 Bg7 31. Kg1 Be5 32. Rd2 Kh8 33. b4 Nf3+ 34.
gxf3 Qxf3 35. Rd7 Rxg3+ 36. fxg3 Qxe3+ 37. Kh1 Qxc1+ 38. Kg2 Qf1+ 0-1

[Event "77. Alemania ch 2006"]
[Site "Osterburg GER"]
[Date "2006.02.04"]
[Round "2.3"]
[White "Graf, Alexander"]
[Black "Tischbierek, Raj"]
[Result "0-1"]
[WhiteElo "2604"]
[BlackElo "2466"]
[PlyCount "144"]
[EventDate "2006.02.04"]
[EventType "swiss"]
[EventRounds "9"]
[EventCountry "GER"]
[Source "lmi"]
[SourceDate "2006.02.11"]

1. d4 d5 2. c4 c6 3. Nf3 Nf6 4. Nc3 e6 5. Bg5 Nbd7 6. cxd5 exd5 7. e3 Be7 8.
Bd3 O-O 9. Qc2 Re8 10. O-O Nf8 11. a3 Bd6 12. Rae1 Bg4 13. Ne5 Bxe5 14. dxe5
Rxe5 15. f4 Rxg5 16. fxg5 N6d7 17. Bf5 Qxg5 18. Bxg4 Qxg4 19. Qf2 Ne5 20. e4 d4
21. Qxd4 f6 22. Rd1 b6 23. Qf2 Qe6 24. Ne2 Qc4 25. Nd4 c5 26. Nf5 Nfg6 27. h4
h5 28. Nxg7 Ng4 29. Qf5 Kxg7 30. Qxh5 Qe6 31. Qd5 Qxd5 32. Rxd5 N6e5 33. Rc1
Re8 34. Rc3 Kg6 35. g3 Re7 36. Kg2 Kf7 37. b4 c4 38. a4 Ke6 39. Kf1 Nd3 40. Rb5
Kf7 41. a5 Rxe4 42. axb6 axb6 43. Kg2 Re2+ 44. Kf3 Re3+ 45. Kxg4 Nf2+ 46. Kf4
Rxc3 47. Rxb6 Rb3 48. b5 c3 49. Rc6 Nd3+ 50. Ke4 Ne1 51. h5 c2 52. Rc7+ Ke6 53.
h6 Rxb5 54. Ke3 Rb7 55. Rc8 Kf5 56. Kd2 Nf3+ 57. Kxc2 Rh7 58. Rc4 Ne5 59. Rf4+
Kg5 60. Kd2 Rxh6 61. Ke2 Rh3 62. Kf1 Rxg3 63. Ra4 Rb3 64. Kf2 f5 65. Kf1 Rb2
66. Rd4 Ng4 67. Ra4 f4 68. Ra3 Ne3+ 69. Kg1 Kg4 70. Kh1 Kg3 71. Ra1 Rh2+ 72.
Kg1 f3 0-1

[Event "77. Alemania ch 2006"]
[Site "Osterburg GER"]
[Date "2006.02.04"]
[Round "2.4"]
[White "Markgraf, Alexander"]
[Black "Khenkin, Igor"]
[Result "0-1"]
[WhiteElo "2412"]
[BlackElo "2595"]
[PlyCount "68"]
[EventDate "2006.02.04"]
[EventType "swiss"]
[EventRounds "9"]
[EventCountry "GER"]
[Source "lmi"]
[SourceDate "2006.02.11"]

1. e4 e6 2. d4 d5 3. e5 c5 4. c3 Nc6 5. Nf3 Bd7 6. a3 f6 7. Bd3 Qc7 8. O-O
O-O-O 9. Bf4 c4 10. Bc2 h6 11. Bg3 f5 12. h4 Be8 13. Nbd2 Bh5 14. Qb1 Nge7 15.
b3 cxb3 16. Nxb3 b6 17. a4 g5 18. a5 Rg8 19. axb6 axb6 20. Nfd2 f4 21. Bh2 gxh4
22. Bxf4 Ng6 23. Ra8+ Kd7 24. Rxd8+ Kxd8 25. Bh2 Qg7 26. Nc1 Kc7 27. Kh1 Nf4
28. Rg1 Qg5 29. Nf3 Bxf3 30. gxf3 Qh5 31. Rg4 Rxg4 32. fxg4 Qxg4 33. Bxf4 h3
34. Be4 Qxf4 0-1

[Event "77. Alemania ch 2006"]
[Site "Osterburg GER"]
[Date "2006.02.04"]
[Round "2.5"]
[White "Luther, Thomas"]
[Black "Henrichs, Thomas"]
[Result "1/2-1/2"]
[WhiteElo "2569"]
[BlackElo "2434"]
[PlyCount "107"]
[EventDate "2006.02.04"]
[EventType "swiss"]
[EventRounds "9"]
[EventCountry "GER"]
[Source "lmi"]
[SourceDate "2006.02.11"]

1. e4 e5 2. Nf3 Nc6 3. Bb5 Nf6 4. d3 d6 5. O-O Bd7 6. Re1 Be7 7. c3 O-O 8. Nbd2
a6 9. Ba4 Re8 10. Nf1 Bf8 11. Ng3 h6 12. h3 b5 13. Bb3 Na5 14. Bc2 c5 15. d4
Qc7 16. b3 Nc6 17. d5 Ne7 18. Nh4 Ng6 19. Nxg6 fxg6 20. Be3 g5 21. Nh5 Nh7 22.
Bd3 Be7 23. Be2 g6 24. Ng3 Nf6 25. a4 Reb8 26. Qc2 Kg7 27. axb5 axb5 28. Ra2
Ra5 29. b4 cxb4 30. cxb4 Qxc2 31. Rxc2 Ra4 32. Rb1 Bd8 33. f3 Kf7 34. Bf1 Ne8
35. Ne2 Ra3 36. Rc3 Ra4 37. Rcc1 Bb6 38. Bxb6 Rxb6 39. Nc3 Ra3 40. Ra1 Rxa1 41.
Rxa1 Rb7 42. Kf2 Nc7 43. Ke3 h5 44. Kd2 Ke7 45. Kc2 Kd8 46. Kd2 Rb6 47. Ke3 h4
48. Kd2 Kc8 49. Be2 Rb8 50. Ra5 Rb6 51. Kc2 Kb7 52. Kb3 Ra6 53. Rxa6 Kxa6 54.
Bf1 1/2-1/2

[Event "77. Alemania ch 2006"]
[Site "Osterburg GER"]
[Date "2006.02.04"]
[Round "2.6"]
[White "Kritz, Leonid"]
[Black "Michalczak, Thomas"]
[Result "1-0"]
[WhiteElo "2561"]
[BlackElo "2361"]
[PlyCount "99"]
[EventDate "2006.02.04"]
[EventType "swiss"]
[EventRounds "9"]
[EventCountry "GER"]
[Source "lmi"]
[SourceDate "2006.02.11"]

1. e4 e5 2. Nf3 Nc6 3. Bb5 a6 4. Ba4 Nf6 5. O-O b5 6. Bb3 Be7 7. a4 Bb7 8. d3
O-O 9. Nc3 Na5 10. Ba2 b4 11. Ne2 d5 12. exd5 Bxd5 13. Bxd5 Qxd5 14. Re1 Bc5
15. Ng3 Nc6 16. Bd2 Rfe8 17. Ne4 Nxe4 18. dxe4 Qe6 19. Qe2 Nd4 20. Nxd4 Bxd4
21. Bxb4 Bxb2 22. Rab1 Bd4 23. c3 Ba7 24. Red1 Qc6 25. a5 Rad8 26. g3 Qa4 27.
Rxd8 Rxd8 28. Be7 Re8 29. Rb7 Bxf2+ 30. Kxf2 Qc6 31. Rb2 Rxe7 32. Rb8+ Re8 33.
Rxe8+ Qxe8 34. Qxa6 Qb8 35. Qc6 g6 36. a6 Qa7+ 37. Ke2 Kg7 38. Qb7 Qg1 39. a7
Qg2+ 40. Kd3 Qf1+ 41. Kc2 Qe2+ 42. Kb3 Qd1+ 43. Kc4 Qa4+ 44. Kc5 Qa3+ 45. Kb5
Qb3+ 46. Kc6 Qc4+ 47. Kd7 Qe6+ 48. Kxc7 Qe7+ 49. Kc6 Qe8+ 50. Kc5 1-0

[Event "77. Alemania ch 2006"]
[Site "Osterburg GER"]
[Date "2006.02.04"]
[Round "2.8"]
[White "Naumann, Alexander"]
[Black "Reipsch, Jens"]
[Result "1-0"]
[WhiteElo "2532"]
[BlackElo "2293"]
[PlyCount "77"]
[EventDate "2006.02.04"]
[EventType "swiss"]
[EventRounds "9"]
[EventCountry "GER"]
[Source "lmi"]
[SourceDate "2006.02.11"]

1. e4 e5 2. Nf3 Nc6 3. d4 exd4 4. Nxd4 Bc5 5. Be3 Qf6 6. c3 Nge7 7. Bc4 O-O 8.
O-O a6 9. a4 d6 10. f4 Kh8 11. Kh1 Qg6 12. f5 Qf6 13. Qd2 Ne5 14. Be2 d5 15.
Bg5 Qd6 16. f6 Ng8 17. fxg7+ Kxg7 18. exd5 Qg6 19. Na3 Bd7 20. Nac2 Rae8 21. b4
Bd6 22. c4 b6 23. Ra3 f5 24. c5 bxc5 25. bxc5 Be7 26. Bf4 Ng4 27. Nf3 Bf6 28.
c6 Bc8 29. Bxc7 Qh5 30. Bf4 Ne7 31. Ne5 Ng6 32. Nxg6 Qxg6 33. d6 Be5 34. Bxg4
Bxf4 35. Rxf4 fxg4 36. d7 Rd8 37. Ra1 Qxc6 38. Rxg4+ Kh8 39. Qd4+ 1-0

[Event "77. Alemania ch 2006"]
[Site "Osterburg GER"]
[Date "2006.02.04"]
[Round "2.9"]
[White "Heinig, Wolfram"]
[Black "Sprenger, Jan Michael"]
[Result "1/2-1/2"]
[WhiteElo "2338"]
[BlackElo "2505"]
[PlyCount "150"]
[EventDate "2006.02.04"]
[EventType "swiss"]
[EventRounds "9"]
[EventCountry "GER"]
[Source "lmi"]
[SourceDate "2006.02.11"]

1. d4 Nf6 2. c4 c5 3. Nf3 cxd4 4. Nxd4 a6 5. Nc3 Qc7 6. e4 e6 7. a3 b6 8. Be3
Bb7 9. f3 Be7 10. Rc1 O-O 11. Be2 d6 12. O-O Nbd7 13. Qd2 Rac8 14. Rfd1 Qb8 15.
Bf1 Bd8 16. Qf2 Bc7 17. g4 Rfe8 18. g5 Nh5 19. Nde2 g6 20. Ng3 Nxg3 21. hxg3
Rf8 22. Bh3 Rce8 23. Ne2 Re7 24. b4 Qe8 25. Bf4 Qb8 26. Rd2 f6 27. gxf6 Nxf6
28. Qg2 Kg7 29. Rcd1 Rd8 30. Kh2 h6 31. c5 bxc5 32. bxc5 d5 33. Bxc7 Qxc7 34.
Nf4 Qc6 35. Bxe6 d4 36. Bd5 Qe8 37. Rxd4 g5 38. Ne6+ Rxe6 39. Bxb7 Rxd4 40.
Rxd4 g4 41. f4 Qh5+ 42. Kg1 Qxc5 43. Qf2 Re7 44. Rb4 Qc1+ 45. Kg2 Qxa3 46. Rb6
Qd3 47. Qb2 Kg8 48. e5 Ne4 49. Qb3+ Qxb3 50. Rxb3 Nc5 51. Bd5+ Kf8 52. Rb8+ Kg7
53. Rg8+ Kh7 54. Rxg4 a5 55. Bg8+ Kh8 56. Rg6 a4 57. Bc4 Rc7 58. Rxh6+ Kg7 59.
Rb6 a3 60. Bd5 Rd7 61. Rd6 Rxd6 62. exd6 Kf8 63. g4 Ne4 64. Kf3 Nxd6 65. f5 Nb5
66. Kf4 Nc3 67. Bb3 a2 68. Bxa2 Nxa2 69. Ke5 Kf7 70. g5 Nb4 71. g6+ Kg7 72. Ke6
Nc6 73. Kd6 Nd4 74. Ke5 Nxf5 75. Kxf5 Kg8 1/2-1/2